00463 2200181 4500001002100000005001500021008004100036020002200077035001900099041000700118082000800125090001400133100002000147245004600167260002600213300002400239650001800263INLIS00000000001283220241224114435241224||||||||| | ||| |||| || |  a978-979-709-530-7 0010-1224012832 aid0 a323 a323 LEO e0 aLeo Suryadinata00aEtnis Tionghoa dan Nasionalisme Indonesia aJakartabKompasc2010 axiv, 266hlm;14x21cm 0aEtika Politik